LEADER 01117nam--2200397---450- 001 990002889600203316 005 20070327163117.0 010 $a2-07-070885-3 035 $a000288960 035 $aUSA01000288960 035 $a(ALEPH)000288960USA01 035 $a000288960 100 $a20070327d19652002km-y0itay50------ba 101 $afre 102 $aFR 105 $a||||||||001yy 200 1 $a<> baphomet$fPierre Klossowski 210 $aParis$cGallimard$d1965 (stampa 2002) 215 $a232 p.$d19 cm 225 2 $a<>imaginaire$v179 410 0$12001$a<>imaginaire$v179 454 1$12001 461 1$1001-------$12001 676 $a843.91 700 1$aKLOSSOWSKI,$bPierre$0385749 801 0$aIT$bsalbc$gISBD 912 $a990002889600203316 951 $aVI.4.A. 688$b190249 L.M.$cVI.4.A.$d00121213 959 $aBK 969 $aUMA 979 $aVITALE$b90$c20070327$lUSA01$h1626 979 $aVITALE$b90$c20070327$lUSA01$h1628 979 $aVITALE$b90$c20070327$lUSA01$h1630 979 $aVITALE$b90$c20070327$lUSA01$h1631 996 $aBaphomet$9989786 997 $aUNISA